LDR 00564naa#a2200157#i#450# 001 EN\\bibl\124884 005 20260604061816.4 011 ## _a2221-3260 100 ## _a20260331b2026####ek#y0engy0150####ca 102 ## _aRU 200 1# _aEconomic growth, innovation and sustainable development: interrelationships and contradictions in the economies of developing countries _eJournal article 210 1# _aYaroslavl _cYaroslavl State Technical University _d2026 215 ## _a15 с. 608 ## _aJournal article _2local 700 #1 _aElkin _gStanislav Evgenevich 856 4# _atheoreticaleconomy.ru _u